Francis Lewis Cardozo family papers, (Record no. 42351)

MARC details
000 -LEADER
fixed length control field 02373cpcaa2200493 a 4500
001 - CONTROL NUMBER
control field mm 79075809
003 - CONTROL NUMBER IDENTIFIER
control field DLC
005 - DATE AND TIME OF LATEST TRANSACTION
control field 20260227111657.0
007 - PHYSICAL DESCRIPTION FIXED FIELD--GENERAL INFORMATION
fixed length control field cr |||||||||||
008 - FIXED-LENGTH DATA ELEMENTS--GENERAL INFORMATION
fixed length control field 791116|||||||||||| eng
010 ## - LIBRARY OF CONGRESS CONTROL NUMBER
LC control number mm 79075809
NUCMC control number ms 80002036
040 ## - CATALOGING SOURCE
Original cataloging agency DLC
Transcribing agency DLC
Modifying agency DLC
Description conventions dacs
072 #7 - SUBJECT CATEGORY CODE
Subject category code B
Source lcmd
100 1# - MAIN ENTRY--PERSONAL NAME
Personal name Cardozo, Francis Lewis,
Dates associated with a name 1836-1903.
245 00 - TITLE STATEMENT
Title Francis Lewis Cardozo family papers,
Inclusive dates 1864-1968
Bulk dates (bulk 1868-1932).
300 ## - PHYSICAL DESCRIPTION
Extent 60
Type of unit items.
300 ## - PHYSICAL DESCRIPTION
Extent 1
Type of unit container.
300 ## - PHYSICAL DESCRIPTION
Extent 1
Type of unit microfilm reel.
300 ## - PHYSICAL DESCRIPTION
Extent 0.2
Type of unit linear feet.
506 ## - RESTRICTIONS ON ACCESS NOTE
Terms governing access Open to research.
520 8# - SUMMARY, ETC.
Summary, etc. Correspondence, genealogical material, certificates, commissions, degrees, notes, typescript of a novel, and other papers of the Cardozo family, a prominent African American and Jewish family of South Carolina and Washington, D.C. Relates primarily to Francis Lewis Cardozo's career in education and politics and to his ancestry.
530 ## - ADDITIONAL PHYSICAL FORM AVAILABLE NOTE
Additional physical form available note Microfilm edition available,
Order number no. 22,074.
533 ## - REPRODUCTION NOTE
Type of reproduction Microfilm produced from originals in the Manuscript Division.
Place of reproduction Washington, D.C. :
Agency responsible for reproduction Library of Congress Photoduplication Service,
Date of reproduction 1999.
544 ## - LOCATION OF OTHER ARCHIVAL MATERIALS NOTE
Materials specified Photographs
Provenance transferred to
Custodian Library of Congress Prints and Photographs Division.
545 0# - BIOGRAPHICAL OR HISTORICAL DATA
Biographical or historical data Educator, clergyman, and public official.
546 ## - LANGUAGE NOTE
Language note Collection material in English.
555 8# - CUMULATIVE INDEX/FINDING AIDS NOTE
Cumulative index/finding aids note Finding aid available in the Library of Congress Manuscript Reading Room and at
Uniform Resource Identifier <a href="http://hdl.loc.gov/loc.mss/eadmss.ms009014">http://hdl.loc.gov/loc.mss/eadmss.ms009014</a>
600 30 - SUBJECT ADDED ENTRY--PERSONAL NAME
Personal name Cardozo family.
650 #0 - SUBJECT ADDED ENTRY--TOPICAL TERM
Topical term or geographic name entry element African Americans
Geographic subdivision South Carolina.
650 #0 - SUBJECT ADDED ENTRY--TOPICAL TERM
Topical term or geographic name entry element African Americans
Geographic subdivision Washington (D.C.)
650 #0 - SUBJECT ADDED ENTRY--TOPICAL TERM
Topical term or geographic name entry element African Americans
General subdivision Education
Geographic subdivision South Carolina.
650 #0 - SUBJECT ADDED ENTRY--TOPICAL TERM
Topical term or geographic name entry element African Americans
General subdivision Education
Geographic subdivision Washington (D.C.)
650 #0 - SUBJECT ADDED ENTRY--TOPICAL TERM
Topical term or geographic name entry element Genealogy.
650 #0 - SUBJECT ADDED ENTRY--TOPICAL TERM
Topical term or geographic name entry element Jews
Geographic subdivision South Carolina.
650 #0 - SUBJECT ADDED ENTRY--TOPICAL TERM
Topical term or geographic name entry element Jews
Geographic subdivision Washington (D.C.)
651 #0 - SUBJECT ADDED ENTRY--GEOGRAPHIC NAME
Geographic name South Carolina
General subdivision Politics and government
Chronological subdivision 1865-1950.
656 #7 - INDEX TERM--OCCUPATION
Occupation Clergy.
Source of term itoamc
656 #7 - INDEX TERM--OCCUPATION
Occupation Educators.
Source of term itoamc
656 #7 - INDEX TERM--OCCUPATION
Occupation Public officials.
Source of term itoamc
856 4# - ELECTRONIC LOCATION AND ACCESS
Materials specified Finding aid
Uniform Resource Identifier <a href="http://hdl.loc.gov/loc.mss/eadmss.ms009014">http://hdl.loc.gov/loc.mss/eadmss.ms009014</a>
856 4# - ELECTRONIC LOCATION AND ACCESS
Materials specified Finding aid (PDF)
Uniform Resource Identifier <a href="http://hdl.loc.gov/loc.mss/eadmss.ms009014.3">http://hdl.loc.gov/loc.mss/eadmss.ms009014.3</a>

No items available.

Powered by Koha